01369nam a2200301 450000100060000000300080000600500170001400800410003102000150007203500190008704000270010604100080013308200180014110000220015924500670018126000510024830000330029950400500033261000620038265100390044465100370048374000750052094200120059599900170060795201460062495201480077095201490091825047BD-RjUL20211209050825.0140316t1996 ii ad b 001 0 eng d a8171007015 a(BD-RjUL)25116 aDLCbengcDLCdBD-RjUL aeng04a954bJOS 19961 aJoy, P. A.97704510aSAARC trade and development /cP.A. Joy ; foreword by M. Saeed aNew Delhi :bDeep & Deep Publications,cc1996. axii, 250 p. :bill. ;c22 cm aIncludes bibliographical references and index20aSouth Asian Association for Regional Cooperation.9180130 0aSouth AsiaxEconomic policy977047 0aSouth AsiaxSocial policy9770480 aSouth Asian Association for Regional Cooperation trade and development 2ddccBK c25047d25047 00102ddc40708NFICaRUCLbRUCLcStackd1997-07-01eWorld agencies dhakag302.50l0o954 JOS 1996r2014-03-16 00:00:00tC-2w2014-03-16yBK 00102ddc40708NFICaRUCLbRUCLcStackd1999-06-10eAnkur Prokasoni, Dhakag239.00l0o954 JOS 1996r2016-11-13 00:00:00tC-3w2016-11-13yBK 00102ddc40718NFICaRUCLbRUCLcReadingd1997-07-01eWorld Agencies, Dhakag302.50l0o954 JOS 1996r2017-02-12 00:00:00tC-1w2017-02-12yBK